000 00499cam a22001571 4500
001 000016344
005 20200929164400.0
008 811008s1960 mx 000 0 spa
040 _aDO-SdBNP
_bspa
_cBNPHU
245 0 0 _aHistoriadores y críticos literarios.
260 _aPuebla, México :
_bJ. M. Cajica,
_c1960.
300 _a548 p. ;
_c22 cm.
490 0 _aBiblioteca ecuatoriana mínima, la colonia y la república
650 0 _aLiteratura ecuatoriana
_93938
651 0 _aEcuador
_xHistoria
_94781
999 _c15879
_d15879